Normal view
MARC view
Entry Corporate Name
001 - CONTROL NUMBER
- control field: 52902
003 - CONTROL NUMBER IDENTIFIER
- control field: ARRUPE
005 - DATE AND TIME OF LATEST TRANSACTION
- control field: 20251022075454.0
008 - FIXED-LENGTH DATA ELEMENTS
- fixed length control field: 251022|| aca||aabn | a|a d
040 ## - CATALOGING SOURCE
- Original cataloging agency: ARRUPE
- Transcribing agency: ARRUPE
110 ## - HEADING--CORPORATE NAME
- Corporate name or jurisdiction name as entry element: Congregation of the Dominicanm Sisters of the Perpetual Rosary
670 ## - SOURCE DATA FOUND
- Source citation: Work cat.: (ARRUPE)131964: Weinzierl, Ferrera, Sister 52901, How beautiful the feet that bring good news, 2025